Philip K. Dick Movies Quiz Stats

 Plays Quiz Updated Mar 31, 2020

     
Support Sporcle.
Go Orange.
Score 0/12 Timer 06:00
1 Play Today
Year: Movie (Story) Movie (Story) % Correct
1982 (1968)Blade Runner (Do Androids Dream of Electric Sheep?)
94.8%
2012 (1966)Total Recall (We Can Remember It For You Wholesale)
85.6%
1990 (1966)Total Recall (We Can Remember It For You Wholesale)
80.2%
2002 (1956)Minority Report
78.3%
2011 (1954)The Adjustment Bureau (Adjustment Team)
47.9%
2006 (1977)A Scanner Darkly
44.3%
2003 (1953)Paycheck
39.2%
2007 (1954)Next (The Golden Man)
24.8%
1995 (1953)Screamers (Second Variety)
13.8%
2001 (1953)Impostor
12.7%
2010 (1976)Radio Free Albemuth
7%
1992 (1975)Confessions d'un Barjo (Confessions of a Crap Artist)
5.3%

From the Vault

Celebrity Baseball Fans

by Noldeh

Sports 6m
They do call baseball America's pasttime. And American celebrities would probably be down for that.
Remove Ads.
Support Sporcle.
Get the best of Sporcle when you Go Orange. This ad-free experience offers more features, more stats, and more fun while also helping to support Sporcle. Thank you for becoming a member.

Show Comments

Extras

Top Quizzes Today


Score Distribution

Your Account Isn't Verified!

In order to create a playlist on Sporcle, you need to verify the email address you used during registration. Go to your Sporcle Settings to finish the process.

Report this User

Report this user for behavior that violates our Community Guidelines.

Details: